Avrupa Ülkeleri - Statistics

General Stats
  • This quiz has been taken 39 020 times
  • The average score is 37 of 45
Answers on the Map
Answers color-coded by a green-red scale on the quiz's map according to % correct below.
 
Answer Stats
Ülke % Correct
Almanya
97%
Fransa
97%
İtalya
97%
Yunanistan
96%
İspanya
95%
Rusya
95%
Bulgaristan
94%
İsveç
94%
Norveç
93%
Portekiz
92%
Ukrayna
92%
Birleşik Krallık
91%
Hollanda
91%
Belçika
90%
İsviçre
90%
Polonya
89%
Danimarka
88%
Finlandiya
88%
İrlanda
88%
Romanya
86%
Arnavutluk
85%
İzlanda
85%
Avusturya
84%
Sırbistan
83%
Hırvatistan
82%
Belarus
81%
Bosna Hersek
81%
Macaristan
81%
Çek Cumhuriyeti
80%
Estonya
80%
Litvanya
80%
Kuzey Makedonya
77%
Letonya
77%
Slovakya
77%
Karadağ
76%
Lüksemburg
76%
Slovenya
75%
Moldova
73%
Vatikan
73%
Kosova
72%
Andorra
68%
Malta
65%
Monako
63%
San Marino
63%
Lihtenştayn
56%
No matching quizzes found
Score Distribution
Percent of People with Each Score
Percentile by Number Answered
Your Score History
You have not taken this quiz